| 000 | 00584nam a2200229Ia 4500 | ||
|---|---|---|---|
| 003 | OSt | ||
| 005 | 20221006164531.0 | ||
| 006 | a|||||r|||| 00| 0 | ||
| 007 | ta | ||
| 008 | 221006b |||||||| |||| 00| 0 eng d | ||
| 024 | _a2,852 | ||
| 037 | _cTextual | ||
| 040 |
_aFML _cFML _beng |
||
| 041 |
_2eng _aeng |
||
| 082 | _aQ:1'C, K1 | ||
| 100 |
_aSeznec Jean Au. _9677702 |
||
| 245 | 0 | _aThe Survival of the Pagon Gold | |
| 260 |
_aNew York _bHarper _c1961 |
||
| 300 |
_a376 _ccm. |
||
| 942 |
_hQ:1'C, K1 _cTEXL _2CC |
||
| 999 |
_c1117597 _d1117597 |
||